[Event "FIDE World Uni Blitz-B 1st"]
[Site "Tornelo INT"]
[Date "2021.03.13"]
[Round "2.44"]
[White "Rodriguez Perez, Marta"]
[Black "Bernardo, Darry"]
[Result "0-1"]
[WhiteElo "1636"]
[BlackElo "2114"]
[PlyCount "64"]
[EventDate "2021.03.13"]
[EventType "swiss (blitz)"]
[EventRounds "10"]
[EventCountry "NET"]
[SourceTitle "EXT 2022"]
[Source "ChessBase"]
[SourceDate "2021.10.06"]
[SourceVersion "1"]
[SourceVersionDate "2021.10.06"]
[SourceQuality "1"]

1. c4 c6 2. d4 d5 3. Nc3 Nf6 4. Nf3 e6 5. Bg5 dxc4 6. a4 Qb6 7. Qc2 Nd5 8. e3 Nb4 9. Qc1 Qa6 10. Ne5 b5 11. Bf4 f6 12. Nf3 Nd7 13. Be2 Qb6 14. axb5 cxb5 15. 0-0 Be7 16. Nd2 Bb7 17. b3 Nd3 18. Qc2 Nxf4 19. exf4 0-0 20. bxc4 Qxd4 21. cxb5 Qxf4 22. Bf3 Bxf3 23. Nxf3 Rfc8 24. Qb3 Nc5 25. Qb2 Kh8 26. Ne2 Qe4 27. Ned4 e5 28. Nb3 Nd3 29. Qd2 Rd8 30. Rfe1 Qg6 31. Re3 Nf4 32. Qe1 Qxg2# 0-1

[Event "Online Olym Disabilities"]
[Site "Tornelo INT"]
[Date "2020.11.25"]
[Round "5.3"]
[White "Bernardo, Darry"]
[Black "Molenda, Marcin"]
[Result "1-0"]
[WhiteElo "2114"]
[BlackElo "2349"]
[PlyCount "73"]
[EventDate "2020.11.21"]
[EventType "team-swiss (rapid)"]
[EventRounds "7"]
[EventCountry "NET"]
[SourceTitle "CBM 199 Extra"]
[Source "ChessBase"]
[SourceDate "2021.01.31"]
[SourceVersion "1"]
[SourceVersionDate "2021.01.31"]
[SourceQuality "1"]
[WhiteTeam "Philippines"]
[BlackTeam "Poland"]
[WhiteTeamCountry "PHI"]
[BlackTeamCountry "POL"]

1. e4 c5 2. Nc3 g6 3. g3 Bg7 4. Bg2 Nc6 5. Nge2 Nf6 6. d3 0-0 7. Be3 d6 8. h3 Rb8 9. f4 Ne8 10. 0-0 Nc7 11. d4 cxd4 12. Nxd4 a6 13. Qd2 Na5 14. b3 Bd7 15. Rad1 Nc6 16. Nde2 Qc8 17. Kh2 Be6 18. Nd5 Ne8 19. Nb6 Qc7 20. c4 Nf6 21. Nc3 Nd7 22. Nca4 Nxb6 23. Nxb6 Rbd8 24. f5 Bc8 25. Nd5 Qb8 26. f6 exf6 27. Nxf6+ Kh8 28. Bh6 Ne5 29. Qg5 Nd7 30. Nh5 Bxh6 31. Qxh6 gxh5 32. e5 Nxe5 33. Rf6 Rg8 34. Rfxd6 Rxd6 35. Rxd6 Ng6 36. Qd2 h4 37. Qd4+ 1-0

[Event "Subic Bay Puregold op-B"]
[Site "Subic Bay"]
[Date "2016.12.14"]
[Round "2"]
[White "Morado, Jeth Romy"]
[Black "Bernardo, Darry"]
[Result "1-0"]
[WhiteElo "2125"]
[BlackElo "1994"]
[PlyCount "165"]
[EventDate "2016.12.13"]
[EventType "swiss"]
[EventRounds "9"]
[EventCountry "PHI"]
[SourceTitle "EXT 2018"]
[Source "ChessBase"]
[SourceDate "2017.10.13"]
[SourceVersion "1"]
[SourceVersionDate "2017.10.13"]
[SourceQuality "1"]

1. d4 Nf6 2. c4 e6 3. Nc3 Bb4 4. e3 d5 5. a3 Bxc3+ 6. bxc3 0-0 7. Nf3 c5 8. cxd5 exd5 9. Qc2 Qc7 10. Bd3 c4 11. Bf5 Nbd7 12. 0-0 g6 13. Bh3 Ne4 14. a4 f5 15. g3 a5 16. Ba3 Re8 17. Bg2 Ra6 18. Nd2 Ndf6 19. Nf3 Nd7 20. Rab1 Nb6 21. Ne5 Bd7 22. Nxd7 Qxd7 23. Bxe4 Rxe4 24. Rb5 Nc8 25. Re1 f4 26. Reb1 f3 27. Qd1 Qf5 28. Rxb7 Rf6 29. Qf1 Rxe3 30. Rc7 Nb6 31. Bc5 Re2 32. h3 Qc2 33. Qc1 Qxc1+ 34. Rxc1 Nxa4 35. Rb1 Nxc5 36. dxc5 Rf7 37. Rc8+ Kg7 38. c6 Ree7 39. Ra8 Rc7 40. Rb6 Kf6 41. Rxa5 Ke6 42. g4 Kd6 43. Rbb5 d4 44. Rd5+ Kxc6 45. Rxd4 Kb6 46. Ra4 Rce7 47. Rb4+ Ka7 48. Rd1 Rb7 49. Ra1+ Kb8 50. Rxc4 h5 51. g5 Rf5 52. h4 Rc7 53. Raa4 Rfc5 54. Rxc5 Rxc5 55. c4 Rf5 56. Kh2 Rf4 57. Kh3 Kb7 58. Ra3 Kb6 59. Re3 Kc5 60. Re6 Kxc4 61. Rxg6 Kd5 62. Rf6 Rxf6 63. gxf6 Ke6 64. Kg3 Kxf6 65. Kf4 Ke6 66. Ke4 Kf6 67. Kf4 Ke6 68. Kxf3 Kf5 69. Kg3 Ke5 70. f3 Kf5 71. Kg2 Ke5 72. Kf2 Kf4 73. Kg2 Kf5 74. Kf1 Ke5 75. Ke2 Kf4 76. Kf2 Ke5 77. Ke3 Kf5 78. f4 Kg4 79. Ke4 Kxh4 80. f5 Kg5 81. Ke5 h4 82. f6 Kg6 83. Ke6 1-0

[Event "Olongapo City Puregold op-B"]
[Site "Olongapo City"]
[Date "2015.11.18"]
[Round "4"]
[White "Bernardo, Darry"]
[Black "Bagamasbad, Efren"]
[Result "0-1"]
[WhiteElo "1890"]
[BlackElo "2164"]
[PlyCount "184"]
[EventDate "2015.11.17"]
[EventType "swiss"]
[EventRounds "9"]
[EventCountry "PHI"]
[SourceTitle "EXT 2017"]
[Source "ChessBase"]
[SourceDate "2016.10.25"]
[SourceVersion "1"]
[SourceVersionDate "2016.10.25"]
[SourceQuality "1"]

1. e4 g6 2. d4 Bg7 3. Nf3 c5 4. c3 cxd4 5. cxd4 d5 6. exd5 Nf6 7. Bb5+ Kf8 8. Nc3 Nxd5 9. 0-0 Nc6 10. Qb3 Nc7 11. d5 Na5 12. Qa3 Nxb5 13. Nxb5 a6 14. Nc3 Nc4 15. Qb4 Nd6 16. Re1 h6 17. Be3 Bf6 18. Bb6 Qd7 19. Bd4 Kg7 20. Bxf6+ exf6 21. Qd4 b5 22. Nd2 Nf5 23. Qf4 g5 24. Qf3 Nh4 25. Qd3 Bb7 26. g3 Nf5 27. Nde4 Rac8 28. b4 Nd6 29. Nc5 Qd8 30. Re3 Rc7 31. Rae1 Bc8 32. Qd1 f5 33. f4 Qf6 34. Qd3 Rd8 35. Nd1 Ne4 36. Nxe4 fxe4 37. Qxe4 Rc4 38. fxg5 hxg5 39. Qe5 Rxb4 40. Qxf6+ Kxf6 41. Nc3 Kg6 42. Rd1 Rc4 43. Rd2 Bh3 44. Kf2 b4 45. Ne2 Rd6 46. Ng1 Bf5 47. Nf3 f6 48. h4 Be4 49. hxg5 Bxf3 50. Kxf3 fxg5 51. Re6+ Rxe6 52. dxe6 Kf6 53. Rd6 a5 54. Ra6 g4+ 55. Ke3 Rc3+ 56. Kf4 Ra3 57. Kxg4 Rxa2 58. Rb6 Rc2 59. Kf4 Rc4+ 60. Ke3 a4 61. Kd3 Rg4 62. Kc2 b3+ 63. Kb2 Rxg3 64. Rb4 Rg2+ 65. Kc1 Ra2 66. Rb6 Ke7 67. Kb1 Kf6 68. Kc1 Rc2+ 69. Kb1 Rc4 70. Kb2 Re4 71. Ra6 Ke7 72. Kb1 Rb4 73. Kb2 Kf6 74. Rc6 a3+ 75. Kxa3 b2 76. Kxb4 b1Q+ 77. Kc5 Ke7 78. Rb6 Qe4 79. Rc6 Qe5+ 80. Kb6 Qb8+ 81. Kc5 Qb3 82. Rb6 Qe3+ 83. Kb5 Kd8 84. Rc6 Ke7 85. Rb6 Qe5+ 86. Ka6 Kd8 87. Rc6 Qb2 88. Rb6 Qg2 89. Kb5 Kc7 90. Ra6 Qd5+ 91. Ka4 Kb7 92. e7 Qc4+ 0-1

[Event "Olongapo City op-B"]
[Site "Olongapo City"]
[Date "2015.11.10"]
[Round "3"]
[White "Valdez, Jemima"]
[Black "Bernardo, Darry"]
[Result "0-1"]
[WhiteElo "1720"]
[BlackElo "2105"]
[PlyCount "100"]
[EventDate "2015.11.09"]
[EventType "swiss"]
[EventRounds "10"]
[EventCountry "PHI"]
[SourceTitle "EXT 2017"]
[Source "ChessBase"]
[SourceDate "2016.10.25"]
[SourceVersion "1"]
[SourceVersionDate "2016.10.25"]
[SourceQuality "1"]

1. g3 d5 2. Bg2 Nf6 3. Nf3 Bg4 4. d3 c5 5. 0-0 Nc6 6. Nbd2 e5 7. e4 dxe4 8. Nxe4 Nxe4 9. dxe4 Qxd1 10. Rxd1 Nd4 11. Rxd4 exd4 12. Ne5 Be6 13. Nd3 0-0-0 14. Bd2 Bd6 15. f4 c4 16. Nb4 Bc5 17. Kf1 f5 18. a3 Rhe8 19. e5 a5 20. Na2 b6 21. Nc1 c3 22. bxc3 dxc3 23. Bxc3 Rd1+ 24. Ke2 Red8 25. a4 Bd4 26. Bxd4 R8xd4 27. Nb3 R4d2+ 28. Nxd2 Rxa1 29. Bc6 Kc7 30. Bb5 Bf7 31. h4 Ra3 32. Nf1 g6 33. Ne3 Be6 34. Kf2 Ra2 35. Ke2 Bb3 36. Kd2 Kd8 37. Bc6 h5 38. Kd3 Bxa4 39. Bd5 Bb5+ 40. c4 Be8 41. Nc2 Rb2 42. Nd4 a4 43. Kc3 a3 44. Nc2 Ba4 45. Nd4 Rb1 46. Ne6+ Ke7 47. c5 b5 48. c6 b4+ 49. Kd4 Rd1+ 50. Kc5 Rxd5+ 0-1

[Event "PHI-ch U14"]
[Site "San Antonio"]
[Date "2014.04.25"]
[Round "9"]
[White "Bernardo, Darry"]
[Black "De Leon, Haince Patrick"]
[Result "1/2-1/2"]
[WhiteElo "2008"]
[BlackElo "2059"]
[PlyCount "63"]
[EventDate "2014.04.21"]
[EventType "swiss"]
[EventRounds "13"]
[EventCountry "PHI"]
[SourceTitle "CBM 160 Extra"]
[Source "ChessBase"]
[SourceDate "2014.07.01"]
[SourceVersion "1"]
[SourceVersionDate "2014.07.01"]
[SourceQuality "1"]

1. e4 c5 2. Nf3 a6 3. c3 e6 4. d4 d5 5. exd5 exd5 6. Be2 Nf6 7. Bg5 c4 8. b3 b5 9. a4 Bb7 10. axb5 axb5 11. Rxa8 Bxa8 12. bxc4 dxc4 13. 0-0 Be7 14. Ne5 0-0 15. Bf3 Nd5 16. Bxe7 Qxe7 17. Re1 Re8 18. Nd3 Qd8 19. Rxe8+ Qxe8 20. Qe1 Qxe1+ 21. Nxe1 Na6 22. Nc2 Nac7 23. Kf1 Kf8 24. Ke1 f5 25. Kd2 g5 26. Ne3 Nxe3 27. Kxe3 Bxf3 28. Kxf3 Ke7 29. g4 fxg4+ 30. Kxg4 Kf6 31. Na3 Kg6 32. d5 1/2-1/2

[Event "PHI-ch U14"]
[Site "San Antonio"]
[Date "2014.04.24"]
[Round "7"]
[White "Bernardo, Darry"]
[Black "Miciano, John Marvin"]
[Result "1-0"]
[WhiteElo "2008"]
[BlackElo "2022"]
[PlyCount "95"]
[EventDate "2014.04.21"]
[EventType "swiss"]
[EventRounds "13"]
[EventCountry "PHI"]
[SourceTitle "CBM 160 Extra"]
[Source "ChessBase"]
[SourceDate "2014.07.01"]
[SourceVersion "1"]
[SourceVersionDate "2014.07.01"]
[SourceQuality "1"]

1. e4 c5 2. Nc3 e6 3. g3 b6 4. Bg2 Bb7 5. Nge2 Nf6 6. d4 cxd4 7. Nxd4 a6 8. Be3 Qc7 9. 0-0 Nc6 10. Nb3 d6 11. Na4 Nd7 12. c4 Nc5 13. Nbxc5 dxc5 14. Qb3 Nb4 15. a3 b5 16. axb4 bxa4 17. Qxa4+ Bc6 18. Qa5 Qxa5 19. Rxa5 cxb4 20. Rfa1 Be7 21. Rxa6 0-0 22. Rxa8 Rxa8 23. Rxa8+ Bxa8 24. e5 Bxg2 25. Kxg2 Kf8 26. Kf3 Ke8 27. Ke4 Kd7 28. Kd3 Kc6 29. Kc2 h5 30. Kb3 Bc5 31. Bxc5 Kxc5 32. f3 f6 33. f4 fxe5 34. fxe5 g5 35. h3 g4 36. h4 Kd4 37. Kxb4 Kxe5 38. Kc3 Ke4 39. b4 Kf3 40. b5 Kxg3 41. b6 Kxh4 42. b7 Kh3 43. b8Q g3 44. Qf4 h4 45. Qe4 Kh2 46. Qxh4+ Kg2 47. Kd4 e5+ 48. Kxe5 1-0

[Event "PHI-ch U14"]
[Site "San Antonio"]
[Date "2014.04.23"]
[Round "4"]
[White "Canino, Romeo"]
[Black "Bernardo, Darry"]
[Result "0-1"]
[WhiteElo "1973"]
[BlackElo "2008"]
[PlyCount "83"]
[EventDate "2014.04.21"]
[EventType "swiss"]
[EventRounds "13"]
[EventCountry "PHI"]
[SourceTitle "CBM 160 Extra"]
[Source "ChessBase"]
[SourceDate "2014.07.01"]
[SourceVersion "1"]
[SourceVersionDate "2014.07.01"]
[SourceQuality "1"]

1. e4 Nc6 2. Nf3 d6 3. d4 Bg4 4. Bc4 e6 5. 0-0 Nf6 6. Nc3 d5 7. exd5 exd5 8. Be2 Be7 9. Bf4 0-0 10. Nb5 Rc8 11. Ne5 Bd7 12. Re1 a6 13. Nxc6 bxc6 14. Nc3 a5 15. Na4 Rb8 16. Bf3 Bf5 17. Qd2 Be4 18. Bd1 Re8 19. b3 Bg6 20. Bf3 Bh5 21. Bd1 Bg6 22. f3 Nh5 23. Be3 Bd6 24. f4 Nxf4 25. Bf3 Nh5 26. Bf2 Nf4 27. Rxe8+ Qxe8 28. Bg3 Ne6 29. Bxd6 cxd6 30. Rd1 Qd8 31. c4 dxc4 32. bxc4 Rb4 33. Bxc6 Rxc4 34. d5 Nf4 35. Re1 f6 36. g3 Nh3+ 37. Kf1 Ng5 38. Qe2 Re4 39. Qf2 Qe7 40. Nc3 Rxe1+ 41. Qxe1 Bd3+ 42. Ne2 0-1